PinkPantheress - Heaven knows - Statistics

General Stats
  • This quiz has been taken 21 times
  • The average score is 10 of 13
Answer Stats
2023 Heaven knows % Correct
3 Mosquito
94%
1 Another life (feat. Rema)
89%
10 Blue
89%
12 Capable of love
89%
8 Ophelia
83%
4 The aisle
83%
2 True romance
83%
6 Bury me (feat. Kelela)
78%
11 Feelings
78%
5 Nice to meet you (feat. Central Cee)
72%
13 Boy's a liar Pt. 2 (feat. Ice Spice)
61%
9 Feel complete
61%
7 Internet baby (interlude)
56%
No matching quizzes found
Score Distribution
Percent of People with Each Score
Percentile by Number Answered
Your Score History
You have not taken this quiz